[Event "La Vila Region-ch"]
[Site "La Vila"]
[Date "2015.10.17"]
[Round "2.4"]
[White "Garcia Gimenez, Santiago"]
[Black "Marquez Ortiz de Zarate, Alberto"]
[Result "1/2-1/2"]
[WhiteElo "1908"]
[BlackElo "2198"]
[PlyCount "85"]
[EventDate "2015.10.03"]
[EventType "swiss"]
[EventRounds "7"]
[EventCountry "ESP"]
[SourceTitle "EXT 2024"]
[Source "ChessBase"]
[SourceDate "2023.10.10"]
[SourceVersion "1"]
[SourceVersionDate "2023.10.10"]
[SourceQuality "1"]

1. e4 c6 2. d4 d5 3. e5 Bf5 4. Nf3 e6 5. Be2 Ne7 6. 0-0 Nc8 7. Nbd2 Nd7 8. b3 Be7 9. Bb2 0-0 10. c4 a5 11. a3 a4 12. cxd5 exd5 13. b4 Kh8 14. Rc1 Rg8 15. Ne1 g5 16. Bg4 Bg6 17. Qf3 Nf8 18. Qh3 Rg7 19. Nc2 h5 20. Ne3 Rh7 21. Bxc8 Rxc8 22. g3 g4 23. Qg2 Ne6 24. f4 gxf3 25. Nxf3 Be4 26. Qf2 Qd7 27. h4 Rg8 28. Kh2 Rhg7 29. Rg1 f6 30. exf6 Bxf6 31. Nd2 Bxd4 32. Nxe4 dxe4 33. Rcd1 Rf8 34. Qxf8+ Nxf8 35. Rxd4 Qe6 36. Rd8 Kg8 37. Bxg7 Kxg7 38. Rf1 Ng6 39. Nf5+ Kh7 40. Nd6 Ne5 41. Nxe4 Ng4+ 42. Kg1 Qxe4 43. Rd7+ 1/2-1/2

[Event "La Roda op 37th"]
[Site "La Roda"]
[Date "2010.03.31"]
[Round "1"]
[White "Del Rio de Angelis, Salvador Gabriel"]
[Black "Marquez Ortiz de Zarate, Alberto"]
[Result "1-0"]
[WhiteElo "2524"]
[BlackElo "2037"]
[PlyCount "53"]
[EventDate "2010.03.31"]
[EventType "swiss"]
[EventRounds "9"]
[EventCountry "ESP"]
[SourceTitle "CBM 135 Extra"]
[Source "ChessBase"]
[SourceDate "2010.05.04"]
[SourceVersion "1"]
[SourceVersionDate "2010.05.04"]
[SourceQuality "1"]

1. d4 e6 2. c4 Bb4+ 3. Bd2 a5 4. Nf3 Nf6 5. Nc3 d6 6. g3 Nbd7 7. Bg2 Qe7 8. 0-0 0-0 9. Rc1 e5 10. Bg5 Bxc3 11. Rxc3 c6 12. Qc2 Re8 13. Re3 h6 14. Bxf6 Qxf6 15. Qc3 c5 16. dxe5 Nxe5 17. Nd2 Rd8 18. Rd1 Ng4 19. Qxf6 Nxf6 20. Rb3 Ra7 21. Nb1 Bf5 22. Na3 Be4 23. Bxe4 Nxe4 24. Rb6 Ra6 25. Rxb7 Nf6 26. Rb5 Re8 27. Kf1 1-0

[Event "Alicante op 2nd"]
[Site "Alicante"]
[Date "2009.12.31"]
[Round "5"]
[White "Marquez Ortiz de Zarate, Alberto"]
[Black "Del Valle Cirera, Adria"]
[Result "0-1"]
[WhiteElo "2008"]
[BlackElo "2236"]
[PlyCount "67"]
[EventDate "2009.12.27"]
[EventType "swiss"]
[EventRounds "9"]
[EventCountry "ESP"]
[SourceTitle "CBM 134 Extra"]
[Source "ChessBase"]
[SourceDate "2010.03.03"]
[SourceVersion "1"]
[SourceVersionDate "2010.03.03"]
[SourceQuality "1"]

1. e4 c5 2. Nf3 a6 3. d3 b5 4. g3 Bb7 5. Bg2 e6 6. 0-0 Be7 7. Re1 d6 8. c3 Nf6 9. Nbd2 0-0 10. Qe2 Nbd7 11. b3 Rc8 12. Bb2 Qb6 13. Rac1 Rfd8 14. d4 cxd4 15. cxd4 Qa5 16. a3 Bf8 17. b4 Qb6 18. d5 e5 19. Nb3 g6 20. h4 Bh6 21. Ng5 Nh5 22. Qf3 f6 23. Rxc8 Rxc8 24. Bh3 fxg5 25. Bxd7 Rf8 26. Be6+ Kh8 27. Qe3 Qxe3 28. Rxe3 gxh4 29. Rc3 hxg3 30. fxg3 Nf6 31. Rc7 Be3+ 32. Kg2 Nxe4 33. Bxe5+ dxe5 34. Bf7 0-1

[Event "Alicante op 2nd"]
[Site "Alicante"]
[Date "2009.12.28"]
[Round "2"]
[White "Scharrer, Patrick"]
[Black "Marquez Ortiz de Zarate, Alberto"]
[Result "1-0"]
[WhiteElo "2300"]
[BlackElo "2008"]
[PlyCount "65"]
[EventDate "2009.12.27"]
[EventType "swiss"]
[EventRounds "9"]
[EventCountry "ESP"]
[SourceTitle "CBM 134 Extra"]
[Source "ChessBase"]
[SourceDate "2010.03.03"]
[SourceVersion "1"]
[SourceVersionDate "2010.03.03"]
[SourceQuality "1"]

1. e4 e6 2. d3 d5 3. Nd2 Nf6 4. g3 dxe4 5. dxe4 Bc5 6. Bg2 b6 7. e5 Qd4 8. Qe2 Ba6 9. c4 Nd5 10. Ngf3 Qg4 11. h3 Qh5 12. Qe4 Nc6 13. a3 0-0-0 14. g4 f5 15. Qb1 fxg4 16. hxg4 Qf7 17. cxd5 Rxd5 18. Bf1 Bxf1 19. Rxf1 Nxe5 20. Qe4 Nd3+ 21. Ke2 Rhd8 22. Nc4 e5 23. Qf5+ Qxf5 24. gxf5 Nf4+ 25. Bxf4 exf4 26. Rg1 Re8+ 27. Kf1 b5 28. Ncd2 Re7 29. Re1 Rxf5 30. Rxe7 Bxe7 31. Rxg7 Bf6 32. Rf7 Kd8 33. Ne4 1-0